| 000 | 01113cam a2200277 4500 | ||
|---|---|---|---|
| 008 | 020415n2001 000 0 eng u | ||
| 020 | _a1873394489 | ||
| 035 | _a(Sirsi) u117483 | ||
| 041 | _aeng. | ||
| 050 | _a693.1 | ||
| 100 | _aBurn, R. | ||
| 245 | _aMasonry, bricklaying and plastering | ||
| 260 |
_aDonhead _bDonhead _c2001 |
||
| 300 |
_a640p. _bill. _c28cm. |
||
| 350 | _a65 | ||
| 520 | _aA new reprint of Robert Scott Burn's original 1871 work. Covers traditional techniques and materials such as stone and brick, and also examines the developments in the use of cement for wall covering, and cement blocks to be used for artificial stone. Deals with materials, practical construction techniques, masonry and brickwork, principles of design, drawing, plastering and wall decoration along with many other aspects of construction. | ||
| 650 | _aMASONRY | ||
| 650 | _aBRICKWORK | ||
| 650 | _aPLASTERING | ||
| 650 | _aBUILT ENVIRONMENT-BUILDING MATERIALS | ||
| 650 | _aDESIGN | ||
| 650 | _aCONSTRUCTION TECHNIQUES | ||
| 650 | _aARCHITECTURE | ||
| 690 | _aBUILT ENVIRONMENT | ||
| 942 | _n0 | ||
| 999 |
_c101999 _d101999 |
||